000
00226 a2200097 4500
001
14877
100
_a
Habuay P
245
_a
Saudi Arabia today
260
_a
London
_b
Her Majesty's stationary office
_c
090
_c
11646
_d
11646
942
_a
NUST-CAE
_c
M
_c
1832
999
_c
249950
_d
249950